000 00444nam a2200181Ia 4500
005 20250423100514.0
008 250422s9999 xx 000 0 und d
020 _a9788123923901
050 _aRM 300 .A33/
100 _aAgarwal, S. L.
245 0 _aPharmacology for undergraduates
250 _a3rd ed.
260 _aNew Delhi
260 _bCBS Publishers & Distributions Pvt. Ltd.
260 _c2014
300 _a570 p
942 _cBK
999 _c33512
_d33512